000 00700cam a2200241 a 4500
001 243
003 BR-CuiBMT
005 20231026203945.0
008 230906s2010 mgb 000 0 por d
020 _a9788577003570
040 _aBR-CuiBMT
_cBR-CuiBMT
080 _22007
_a331:343.2
090 _a331:343.2
_bD598
245 0 0 _aDireito penal do trabalho :
_breflexões atuais /
_cEduardo Milléo Baracat, coordenador.
260 _aBelo Horizonte :
_bFórum,
_c2010.
300 _a327 p. ;
_c22 cm
504 _aInlcui bibliografia.
650 _aDireito penal
650 _aDireito do trabalho
650 _aJustiça do trabalho
700 1 _aBaracat, Eduardo Milléo
_4coord.
942 _2udc
_cLV
999 _c243
_d243